Best practices for improving law compliance in the forest sector

Bibliographic Details
Format: Book
Published: Rome : Food and Agriculture Organization of the United Nations , 2005
Series:FOA forestry paper (145)

MARC

LEADER 00000cam a2200000 7i4500
001 0000003939
005 20111206.0
090 0 0 |a 346.04675595   |b LAW 2011 
245 0 0 |a Best practices for improving law compliance in the forest sector   |c FAO 
260 0 0 |a Rome :   |b Food and Agriculture Organization of the United Nations ,   |c 2005 
300 |a xvi, 112 p :   |b .ill(col) ;   |c 26 cm. 
440 0 0 |a FOA forestry paper (145) 
504 0 0 |a Includes bibliographical references 
998 |a JPSM 
999 |a 007188   |b Monograph   |c Open Shelf   |e Default branch